<?xml version="1.0" encoding="UTF-8"?>
<record
    xmlns:xsi="http://www.w3.org/2001/XMLSchema-instance"
    xsi:schemaLocation="http://www.loc.gov/MARC21/slim http://www.loc.gov/standards/marcxml/schema/MARC21slim.xsd"
    xmlns="http://www.loc.gov/MARC21/slim">

  <leader>01087    a2200217   4500</leader>
  <controlfield tag="005">20080825150249.0</controlfield>
  <controlfield tag="008">080825t        xxu||||| |||| 00| 0 hin d</controlfield>
  <datafield tag="010" ind1=" " ind2=" ">
    <subfield code="a">HIN-83033</subfield>
  </datafield>
  <datafield tag="020" ind1=" " ind2=" ">
    <subfield code="c">80.00</subfield>
    <subfield code="a">8175253509</subfield>
  </datafield>
  <datafield tag="035" ind1=" " ind2=" ">
    <subfield code="a">HN-55379</subfield>
  </datafield>
  <datafield tag="037" ind1=" " ind2=" ">
    <subfield code="b">&#x92A;&#x941;.&#x92A;&#x94D;&#x930;.&#x905;.&#x92A;&#x94D;&#x930;/&#x92A;&#x94D;&#x930;&#x915;&#x93E;</subfield>
  </datafield>
  <datafield tag="082" ind1=" " ind2=" ">
    <subfield code="a">821.08</subfield>
  </datafield>
  <datafield tag="100" ind1=" " ind2=" ">
    <subfield code="a">&#x92C;&#x948;&#x928;&#x940;&#x935;&#x93E;&#x932;, &#x935;&#x93F;&#x915;&#x947;&#x936;</subfield>
  </datafield>
  <datafield tag="245" ind1=" " ind2=" ">
    <subfield code="a">&#x905;&#x92D;&#x93E;&#x935;&#x94B;&#x902; &#x92E;&#x947;&#x902; &#x92D;&#x93E;&#x935; /</subfield>
    <subfield code="c">&#x935;&#x93F;&#x915;&#x947;&#x936; &#x92C;&#x948;&#x928;&#x940;&#x935;&#x93E;&#x932;</subfield>
  </datafield>
  <datafield tag="246" ind1=" " ind2=" ">
    <subfield code="a">Abhavon mein Bhav</subfield>
    <subfield code="b">by Vikesh Baaneval</subfield>
  </datafield>
  <datafield tag="260" ind1=" " ind2=" ">
    <subfield code="a">&#x92E;&#x925;&#x941;&#x930;&#x93E;</subfield>
    <subfield code="b">&#x92F;&#x936;&#x926;&#x940;&#x92A; &#x92A;&#x94D;&#x930;&#x915;&#x93E;&#x936;&#x928;</subfield>
    <subfield code="c">2002</subfield>
  </datafield>
  <datafield tag="270" ind1=" " ind2=" ">
    <subfield code="a">&#x917;&#x94D;&#x930;&#x93E;&#x92E; &#x935; &#x92A;&#x94B;&#x938;&#x94D;&#x91F;-&#x915;&#x93E;&#x92E;&#x930; &#x924;&#x939;&#x938;&#x940;&#x932;-&#x91B;&#x93E;&#x924;&#x93E;</subfield>
    <subfield code="b">&#x92E;&#x925;&#x941;&#x930;&#x93E;</subfield>
    <subfield code="e">281403</subfield>
    <subfield code="c">(&#x909;.&#x92A;&#x94D;&#x930;.)</subfield>
  </datafield>
  <datafield tag="300" ind1=" " ind2=" ">
    <subfield code="a">192&#x92A;&#x943;</subfield>
    <subfield code="c">22&#x938;&#x947;&#x92E;&#x940; (&#x905;&#x91C;&#x93F;&#x932;&#x94D;&#x926;)</subfield>
  </datafield>
  <datafield tag="942" ind1=" " ind2=" ">
    <subfield code="a">dpl</subfield>
    <subfield code="c">HN</subfield>
    <subfield code="k">821.08 / &#x92C;&#x948;&#x928;&#x940;&#x935;&#x93E;</subfield>
    <subfield code="2">ddc</subfield>
    <subfield code="h">821.08</subfield>
    <subfield code="m">&#x92C;&#x948;&#x928;&#x940;&#x935;&#x93E;</subfield>
  </datafield>
  <datafield tag="999" ind1=" " ind2=" ">
    <subfield code="c">11529</subfield>
    <subfield code="d">11529</subfield>
  </datafield>
  <datafield tag="952" ind1=" " ind2=" ">
    <subfield code="0">0</subfield>
    <subfield code="1">0</subfield>
    <subfield code="4">0</subfield>
    <subfield code="7">0</subfield>
    <subfield code="a">DBAD</subfield>
    <subfield code="b">DBAD</subfield>
    <subfield code="d">0000-00-00</subfield>
    <subfield code="g">80.00</subfield>
    <subfield code="l">0</subfield>
    <subfield code="o">821.08 &#x92C;&#x948;&#x928;&#x940;&#x935;&#x93E;</subfield>
    <subfield code="p">HN-55379</subfield>
    <subfield code="r">2008-09-15 00:00:00</subfield>
    <subfield code="t">1.00</subfield>
    <subfield code="u">12643</subfield>
    <subfield code="v">80.00</subfield>
    <subfield code="w">2008-09-15</subfield>
    <subfield code="y">HN</subfield>
  </datafield>
</record>
